| 000 | 01572nam0a22003011 4500 | ||
|---|---|---|---|
| 001 | rc\3739519 | ||
| 005 | 20260406153725.0 | ||
| 021 |
_aRU _b[75-8675] |
||
| 035 | _a(NLR Aleph) 007869673 | ||
| 090 |
_a7849416 _c7849416 |
||
| 100 | _a20130115d1974 |||y0rusy50 ca | ||
| 101 | 0 | _arus | |
| 102 | _aRU | ||
| 105 | _ay g ||||| | ||
| 200 | 1 |
_aСправочные материалы по типовым проектам организации рабочих мест в рыбной промышленности _fМ-во рыбного хоз-ва СССР. Центр по науч. организации труда и управления производством в рыбном хоз-ве "ЦНОТУПРХ" |
|
| 210 |
_aМосква _cБ. и. _d1974 |
||
| 215 |
_a32 с. _d20 |
||
| 300 | _aНа обороте тит. л. сост.: канд. экон. наук Л.Н. Лукьянчук, Е.Г. Орлова, инж. Т.И. Рябова | ||
| 606 |
_aРыбная промышленность, предприятия _xОрганизация рабочего места _jСправочники _2psbo |
||
| 702 | 1 |
_aОрлова _bЕ.Г. _4220 |
|
| 702 | 1 |
_aРябова _bТ.И. _4220 |
|
| 702 | 1 |
_aЛукьянчук _bЛ.Н. _4220 |
|
| 712 | 0 | 2 |
_aЦентр по научной организации труда и управления производством в рыбном хозяйстве _cМосква _9353677 _3RU\NLR\AUTH\889929077 |
| 801 | 0 |
_aRU _bNLR _gpsbo |
|
| 801 | 1 |
_aRU _bELAR _2rusmarc |
|
| 852 |
_aNLR _j74-4/38448 |
||
| 942 | _cBOOK | ||
| 980 | _aNB | ||